Magic 8 Ball - Statistics

General Stats
  • This quiz has been taken 21 times
  • The average score is 3 of 20
Answer Stats
Answer % Correct
Yes
100%
Without a doubt
23%
Ask again later
15%
It is decidedly so
15%
Outlook good
15%
Outlook not so good
15%
Reply hazy try again
15%
Signs point to yes
15%
Yes definitely
15%
You may rely on it
15%
As I see it yes
8%
Better not tell you now
8%
Cannot tell you now
8%
Concentrate and ask again
8%
It is certain
8%
Most likely
8%
My reply is no
8%
My sources say no
8%
Very doubtful
8%
Don't count on it
0%
No matching quizzes found
Score Distribution
Percent of People with Each Score
Percentile by Number Answered
Your Score History
You have not taken this quiz